Záujem zachovania kultúry našich krajanov V župnom meste Bekešská Čaba otvorili Dom slovenskej kultúry

Bibliographic Details
Main Author: Uhrin, Ladislav (Author)
Format: Article
Language:Slovak
Subjects:

MARC

LEADER 00000nab a2200000 a 4500
001 vtls000604161
003 SK-MaSNL
005 20260303014005.0
008 160401c1996 xo 0 slo
015 |a SNBRB19rr/mm-uuuuu 
035 |a CL0604300 
040 |a SNKBUCL  |b slo  |c SNKBUCL  |e AACR2 
041 0 |a slo 
044 |a xo  |c SK 
080 |a 323.113(439=854):008(439(854)  |2 1981 
080 |a 008(439(854)  |2 1981 
100 1 |a Uhrin, Ladislav  |4 aut  |9 495064 
245 1 0 |a Záujem zachovania kultúry našich krajanov  |b V župnom meste Bekešská Čaba otvorili Dom slovenskej kultúry  |c Ladislav Uhrin 
650 0 7 |a Dom slovenskej kultúry, Békešská Čaba  |2 snkbucl  |9 995280 
655 7 |a články z novín a časopisov  |2 snkbucl  |9 267496 
773 0 |t Slovenská republika  |g Roč. 4, č. 268 (16. 11. 1996), s. 1 a 7 
850 |a Slovenská národná knižnica v Martine  |a MTA001 
852 |a SNK  |b KIS3GCP 
958 |a SK 
958 |a HU 
958 |a RK 
958 |a RBX 
999 |c 1605451  |d 1607381